Cante flamenco / (Record no. 39771)

MARC details
000 -LEADER
campo de control de longitud fija 00602nam a2200205 i 4500
001 - NÚMERO DE CONTROL
campo de control 39771
003 - IDENTIFICADOR DE NÚMERO DE CONTROL
campo de control ES-MaACL
005 - FECHA Y HORA DE LA ÚLTIMA TRANSACCIÓN
campo de control 20240606094857.0
007 - CAMPO FIJO DE DESCRIPCIÓN FÍSICA--INFORMACIÓN GENERAL
campo de control de longitud fija t|
008 - DATOS DE LONGITUD FIJA--INFORMACIÓN GENERAL
campo de control de longitud fija 030304s1969 sp ||||1| spa d
245 00 - MENCIÓN DEL TÍTULO
Título Cante flamenco /
Mención de responsabilidad, etc. [selección y estudio por Ricardo Molina].
250 ## - MENCION DE EDICION
Mención de edición [2ª ed.].
260 ## - PUBLICACIÓN, DISTRIBUCIÓN, ETC.
Lugar de publicación, distribución, etc. Madrid :
Nombre del editor, distribuidor, etc. Taurus,
Fecha de publicación, distribución, etc. [1969]
300 ## - DESCRIPCIÓN FÍSICA
Extensión 162 p. ;
Dimensiones 18 cm.
490 1# - MENCIÓN DE SERIE
Mención de serie Ser y tiempo. Temas de España
700 0# - ENTRADA AGREGADA--NOMBRE PERSONAL
Nombre de persona Molina, Ricardo,
Fechas asociadas al nombre 1916-1968
9 (RLIN) 81902
830 0# - PUNTO DE ACCESO ADICIONAL DE SERIE-TÍTULO UNIFORME
Título uniforme Ser y tiempo. Temas de España
9 (RLIN) 181807
852 ## - LOCALIZACIÓN
Ubicación ES-MaACL
Número de control de estantería C-53494
Sublocalización o colección R.72503
Holdings
Estatus retirado Estado de pérdida Estado de daño No para préstamo Biblioteca de origen Biblioteca actual Ubicación en estantería Fecha de adquisición Fuente de adquisición Total de préstamos Signatura topográfica completa Código de barras Visto por última vez Precio de reemplazo Tipo de ítem Koha
        Biblioteca del Ateneo de Madrid Biblioteca del Ateneo de Madrid Depósito 2 17/01/2008     C-53494 1041881 23/02/2023 23/02/2023 Libro impreso